| 000 | 00657nam a2200229Ia 4500 | ||
|---|---|---|---|
| 008 | 160404s9999 xx 000 0 und d | ||
| 020 | _a971-971-92137-1-X | ||
| 050 | _aFIL TX 943 | ||
| 050 | _b.R65 2003 c.1 | ||
| 100 | _aRoldan, Amelia Samson - | ||
| 245 | _aFood service & bartending / | ||
| 245 | _cAmelia Samson -Roldan. | ||
| 260 | _aParaƱaque City: | ||
| 260 | _bAR Skills development and Management Services, | ||
| 260 | _c2003 | ||
| 300 | _a177 pages : | ||
| 300 | _billustrations ; | ||
| 300 | _c25 cm. | ||
| 500 | _aIncludes bibliographical references and index. | ||
| 650 | _aFood service management. | ||
| 650 | _xBartending. | ||
| 999 |
_c293158 _d293158 |
||